000 00894nam a22002777a 4500
001 BR8007664
003 BR-BrBNA
005 20230928090859.0
007 ta
008 230509b bl.||||| |||| 00| 0 por d
040 _aBR-BrBNA
_bpor
_cBiblioteca Nacional de Agricultura
041 _a(Por)
072 _aK10
_b8901
_b/G514
090 _ 8901 BR8007664
110 1 _aInstituto Brasileiro de Desenvolvimento Florestal, Brasilia, DF (Brasil)
_95727
245 1 _aAproveitamento da madeira da area do reservatorio da usina hidreletrica de Tucurui. Inventario florestal. Comparacao com inventario preliminar [Para]
260 3 _aBrasilia, DF (Brasil):
_c[nd].
300 _a14 p.
500 _aPublished after 1979
650 _aMADEIRA
650 _aEXPLORACAO FLORESTAL
650 _aINVENTARIO FLORESTAL
650 _aPARA
909 _a202309
_bLucia
_c55
_dLucia Elande
942 _cBK
999 _c31067
_d31067